[Event "Titled Tue 3rd Jan Late"]
[Site "chess.com INT"]
[Date "2025.06.03"]
[Round "11"]
[White "Minko, Dmitry"]
[Black "George, Kevin"]
[Result "1-0"]
[WhiteTitle "FM"]
[BlackTitle "IM"]
[WhiteElo "2247"]
[BlackElo "2301"]
[WhiteFideId "24188468"]
[BlackFideId "10669515"]
[EventDate "2025.06.03"]

1. e4 g6 2. d4 Bg7 3. Nc3 d6 4. f4 Nd7 5. Nf3 e6 6. Be3 Ne7 7. Bd3 d5 8. e5 b6
9. Ne2 Bb7 10. h3 c5 11. c3 Nf5 12. Bf2 h5 13. Qd2 Rc8 14. a4 Qe7 15. a5 Bc6 16.
axb6 c4 17. Bxf5 exf5 18. bxa7 O-O 19. O-O Ra8 20. b4 cxb3 21. Rfb1 Nb6 22. Rxb3
Rxa7 23. Qc1 Nc4 24. Rab1 Ra2 25. Qf1 Ba4 26. Rb7 Qa3 27. Nc1 Rc2 28. Nd3 Rxc3
29. Ra1 Rxd3 30. Rxa3 Rxa3 31. Qc1 Ra2 32. Bh4 Bc2 33. Nd2 Rfa8 34. Kh2 Nxd2 35.
Qxd2 Be4 36. Rb2 Rxb2 37. Qxb2 Rc8 38. Qb7 Rc2 39. Kg1 Rxg2+ 40. Kf1 Rd2 41. Bf6
Bd3+ 42. Ke1 Re2+ 43. Kd1 Ra2 44. Qc8+ Kh7 45. Qd7 Kg8 46. Qe8+ Bf8 47. Be7 Be2+
48. Ke1 Kh7 49. Qxf7+ Bg7 50. Bf6 Ra1+ 51. Kxe2 Ra7 52. Qxa7 Kh6 53. Qxg7# 1-0

[Event "Titled Tue 3rd Jan Late"]
[Site "chess.com INT"]
[Date "2025.06.03"]
[Round "11"]
[White "Dovgaliuk, Oleksandr"]
[Black "Chekletsov, Ilya"]
[Result "1-0"]
[BlackTitle "IM"]
[WhiteElo "2240"]
[BlackElo "2338"]
[WhiteFideId "14167247"]
[BlackFideId "24177156"]
[EventDate "2025.06.03"]

1. d4 Nf6 2. Bg5 e6 3. Nd2 h6 4. Bxf6 Qxf6 5. c3 c5 6. Ngf3 g5 7. h3 Nc6 8. Ne4
Qf5 9. Nxc5 Bxc5 10. dxc5 Qxc5 11. e3 d5 12. Qd2 e5 13. Rd1 Be6 14. b4 Qd6 15.
b5 Ne7 16. c4 O-O-O 17. cxd5 Bxd5 18. e4 Kb8 19. exd5 e4 20. Nd4 Qxd5 21. Be2
Rd6 22. Qe3 Qe5 23. O-O f5 24. Qc3 Rhd8 25. Rc1 Qxd4 26. Qc7+ Ka8 27. Qxe7 R6d7
28. Qc5 Qxc5 29. Rxc5 f4 30. Rfc1 Kb8 31. Bg4 b6 32. Bxd7 bxc5 33. Bc6 Rd4 34.
Rxc5 e3 35. fxe3 fxe3 36. Re5 Rd1+ 37. Kh2 Re1 38. Kg3 Kc7 39. Kf3 Ra1 40. Rxe3
Rxa2 41. Re7+ Kb6 42. Rh7 Ra3+ 43. Kg4 Ra4+ 44. Kf5 Rh4 45. Kg6 a6 46. Rxh6
Rxh6+ 47. Kxh6 axb5 48. Bxb5 g4 49. hxg4 Kxb5 50. g5 1-0

[Event "Titled Tue 3rd Jan Late"]
[Site "chess.com INT"]
[Date "2025.06.03"]
[Round "11"]
[White "Gharibyan, Mamikon"]
[Black "Rozman, Levy"]
[Result "0-1"]
[WhiteTitle "GM"]
[BlackTitle "IM"]
[WhiteElo "2472"]
[BlackElo "2324"]
[WhiteFideId "13308300"]
[BlackFideId "2039877"]
[EventDate "2025.06.03"]

1. e4 d5 2. Nc3 dxe4 3. Nxe4 Nf6 4. Nxf6+ gxf6 5. d4 Nc6 6. c3 e5 7. Nf3 Rg8 8.
Be3 Be6 9. Qc2 Qd5 10. Qxh7 Rg7 11. Qc2 O-O-O 12. a3 Qa5 13. dxe5 Nxe5 14. Nd4
Bd5 15. O-O-O Ng4 16. Bf4 Kb8 17. c4 Bd6 18. Bxd6 Rxd6 19. cxd5 Qxd5 20. Bc4
Qg5+ 21. Kb1 Ne5 22. Nf5 Nxc4 23. Nxg7 Qb5 24. Rxd6 cxd6 25. Ka2 d5 26. Qb3 Qc6
27. Rc1 a5 28. h4 a4 29. Qb4 Qd7 30. h5 Qg4 31. h6 Qg5 32. Qf8+ Ka7 33. Qc5+ b6
34. Qe7+ Ka6 35. Qb4 Qxc1 36. Qxa4+ Kb7 37. Qd7+ Ka6 38. Qa4+ Kb7 39. Qb4 Qxh6
40. Nf5 Qf4 41. Ne7 Qe5 42. f4 Qe6 43. g4 d4 44. Qb3 Qxe7 45. Qxc4 Qd6 46. Qxf7+
Kb8 47. Qc4 d3 48. Qg8+ Ka7 49. Qf7+ Ka6 50. Qc4+ b5 51. Qc1 d2 52. Qd1 Qxf4 53.
Kb3 Qc4# 0-1

[Event "Titled Tue 3rd Jan Late"]
[Site "chess.com INT"]
[Date "2025.06.03"]
[Round "11"]
[White "Montano Vicente, Guadalupe"]
[Black "Fedoryshyn, Ievgenii"]
[Result "1-0"]
[BlackTitle "FM"]
[WhiteElo "1940"]
[BlackElo "2278"]
[WhiteFideId "5181399"]
[BlackFideId "26095467"]
[EventDate "2025.06.03"]

1. d4 f5 2. e4 fxe4 3. Nc3 Nf6 4. Bg5 g6 5. f3 d5 6. Bxf6 exf6 7. fxe4 Bb4 8.
exd5 Qxd5 9. Nf3 O-O 10. Be2 Qa5 11. Qd2 Be6 12. O-O Nc6 13. a3 Bxc3 14. Qxc3
Qxc3 15. bxc3 Na5 16. Rab1 b6 17. Rfe1 Kf7 18. Bd3 Rfe8 19. Rf1 Kg7 20. Nd2 Rad8
21. Rf2 c6 22. Rbf1 f5 23. Nf3 c5 24. dxc5 bxc5 25. Ng5 Bd5 26. Bb5 Re7 27. Rd2
Kf6 28. Nf3 Re3 29. c4 Bxc4 30. Rxd8 Bxb5 31. Re1 Rxa3 32. Rd6+ Kg7 33. Ng5 Kh6
34. h4 Rg3 35. Re7 Kh5 36. Rxh7+ Kg4 37. Rxg6 Kf4 38. Ne6+ Ke5 39. Rxg3 Kxe6 40.
Rh6+ Kd5 41. Rg5 Bd7 42. Rh7 Be6 43. Rxa7 Nc4 44. Rc7 Ne3 45. h5 Nxc2 46. h6 Nd4
47. h7 c4 48. h8=Q c3 49. Qd8+ Ke4 50. Rxc3 Ne2+ 51. Kh2 Nxc3 52. Qh8 Nd5 53.
Qh4+ f4 54. Rg6 1-0

[Event "Titled Tue 3rd Jan Late"]
[Site "chess.com INT"]
[Date "2025.06.03"]
[Round "11"]
[White "Rustemov, Alexander"]
[Black "Ali, Sebbar"]
[Result "1-0"]
[WhiteTitle "GM"]
[BlackTitle "IM"]
[WhiteElo "2525"]
[BlackElo "2400"]
[WhiteFideId "4119002"]
[BlackFideId "8100977"]
[EventDate "2025.06.03"]

1. d4 d5 2. c4 e5 3. dxe5 d4 4. Nf3 Nc6 5. a3 Nge7 6. b4 Ng6 7. Bb2 a5 8. b5
Ncxe5 9. Nxe5 Nxe5 10. Bxd4 Nxc4 11. e3 Be6 12. Qc2 Nd6 13. Nc3 Nf5 14. Be5 Bd6
15. Bxd6 Qxd6 16. Bd3 g6 17. O-O O-O 18. Ne4 Qe5 19. Qc5 Qxc5 20. Nxc5 Bc8 21.
Rfc1 b6 22. Be4 Ra7 23. Nd3 Bd7 24. a4 Nd6 25. Bd5 Rd8 26. Ne5 Be8 27. Bb3 Kf8
28. f3 f6 29. Ng4 Ke7 30. e4 c6 31. bxc6 Rc7 32. e5 fxe5 33. Nxe5 Nf5 34. Re1
Kf6 35. Rac1 Rd6 36. Ng4+ Kg7 37. Rxe8 h5 38. Ne5 Nd4 39. Bc4 Kf6 40. Bb5 Rd5
41. f4 Rxb5 42. axb5 Ne2+ 43. Kf2 Nxc1 44. Rb8 Na2 45. Rxb6 Ke7 46. Ra6 Nb4 47.
Rxa5 Kd6 48. Nxg6 Kc5 49. Ne5 Kb6 50. Ra8 Kxb5 51. Rh8 Ra7 52. Rxh5 Nxc6 53.
Nxc6+ Kxc6 54. Kg3 Kd6 55. Kg4 Ke6 56. Rg5 Kf6 57. h4 Ra2 58. g3 1-0

[Event "Titled Tue 3rd Jan Late"]
[Site "chess.com INT"]
[Date "2025.06.03"]
[Round "11"]
[White "Thorhallsson, Simon"]
[Black "Ambrogi, Agustin"]
[Result "0-1"]
[WhiteTitle "FM"]
[BlackTitle "FM"]
[WhiteElo "2218"]
[BlackElo "2237"]
[WhiteFideId "2310090"]
[BlackFideId "170933"]
[EventDate "2025.06.03"]

1. g3 d5 2. Bg2 e5 3. d3 c6 4. Nf3 Bd6 5. O-O Ne7 6. e4 O-O 7. Nc3 Bg4 8. h3 Bh5
9. Re1 Nd7 10. exd5 cxd5 11. g4 Bg6 12. Nh4 Nb6 13. Nxg6 Nxg6 14. Bd2 Qh4 15.
Qf3 Rac8 16. Rac1 Bb4 17. Qf5 h6 18. a3 Bxc3 19. Bxc3 Nf4 20. Bxe5 Nxh3+ 21.
Bxh3 Qxh3 22. Re3 Qh4 23. Kg2 Rfe8 24. Rh1 Qg5 25. Qxg5 hxg5 26. c3 Na4 27. Rb1
b6 28. Bd4 f6 29. Kf3 Kf7 30. Rxe8 Rxe8 31. b3 Nc5 32. Bxc5 bxc5 33. b4 cxb4 34.
cxb4 Rc8 35. Rb3 Ke6 36. a4 Ke5 37. b5 Kd4 38. a5 Rb8 39. b6 axb6 40. axb6 Kc5
41. b7 Kc6 42. Rc3+ Kxb7 43. Ke3 Re8+ 44. Kd4 Re2 45. Kxd5 Rxf2 46. Kd6 g6 47.
d4 Rf4 48. d5 Rxg4 49. Kd7 Rd4 50. Rb3+ Ka6 51. d6 f5 52. Ke7 f4 53. d7 g4 54.
d8=Q Rxd8 55. Kxd8 f3 0-1

[Event "Titled Tue 3rd Jan Late"]
[Site "chess.com INT"]
[Date "2025.06.03"]
[Round "11"]
[White "Saidov, Bilukhadzh"]
[Black "Hamedi Nia, Vesal"]
[Result "1-0"]
[WhiteTitle "FM"]
[BlackTitle "WIM"]
[WhiteElo "2309"]
[BlackElo "2010"]
[WhiteFideId "34165476"]
[BlackFideId "12542253"]
[EventDate "2025.06.03"]

1. d4 d5 2. Bf4 Nf6 3. e3 e6 4. Nd2 Bd6 5. Bg3 O-O 6. Bd3 c5 7. c3 Nc6 8. f4 b6
9. Ngf3 Bb7 10. Ne5 Qc7 11. O-O Ne7 12. Qf3 Nf5 13. Rae1 Be7 14. Bf2 Nd6 15. Bh4
Nfe4 16. Bxe7 Qxe7 17. Bxe4 Nxe4 18. Nxe4 dxe4 19. Qg3 Rac8 20. h3 a5 21. Rf2 a4
22. a3 b5 23. dxc5 Rxc5 24. Rd2 Rd5 25. Rd4 Rfd8 26. Red1 Qc7 27. Ng4 Kf8 28.
Qh4 h6 29. Ne5 Rxd4 30. exd4 Bd5 31. Rf1 f6 32. Ng4 Kg8 33. Qg3 Kf7 34. Ne3 Rc8
35. Qg4 Qd6 36. f5 Re8 37. Qg6+ Kf8 38. Rf2 Bc4 39. Qg4 e5 40. d5 Bxd5 41. Rd2
Qc5 42. Kf2 Bc6 43. Qd1 Rc8 44. Rd6 Bb7 45. Qd2 Bc6 46. g4 Kg8 47. h4 Kh7 48.
Qd1 Bb7 49. g5 hxg5 50. hxg5 fxg5 51. f6 gxf6 52. Qh5+ Kg8 53. Qg6+ Kh8 54.
Qxf6+ Kg8 55. Qg6+ Kf8 56. Rf6+ Ke7 57. Rf7+ Kd8 58. Qg8+ 1-0

[Event "Titled Tue 3rd Jan Late"]
[Site "chess.com INT"]
[Date "2025.06.03"]
[Round "11"]
[White "Horobetz, Graham"]
[Black "Yue, Tariq"]
[Result "0-1"]
[BlackTitle "CM"]
[WhiteElo "2250"]
[BlackElo "2192"]
[WhiteFideId "2047322"]
[BlackFideId "30975182"]
[EventDate "2025.06.03"]

1. e4 c5 2. Nf3 d6 3. d4 cxd4 4. Nxd4 Nf6 5. Nc3 g6 6. Be3 Bg7 7. f3 O-O 8. Qd2
Nc6 9. O-O-O Bd7 10. h4 Rc8 11. h5 Ne5 12. hxg6 fxg6 13. Kb1 Qa5 14. Nb3 Qc7 15.
Bh6 Be6 16. Bxg7 Kxg7 17. Nd4 Bg8 18. g4 Qa5 19. Nb3 Bxb3 20. axb3 Nf7 21. Bc4
a6 22. Bxf7 Rxf7 23. Qh6+ Kg8 24. Rdg1 Nd7 25. Nd5 Qc5 26. Rg2 e6 27. Nf4 Nf8
28. Nd3 Qc7 29. f4 Qc6 30. Re2 a5 31. f5 a4 32. fxg6 Nxg6 33. e5 d5 34. Reh2
axb3 35. Qxg6+ Rg7 36. Qxg7+ Kxg7 37. Rxh7+ Kg6 38. Nb4 bxc2+ 39. Kc1 Qc5 40.
R7h6+ Kg5 41. R6h5+ Kxg4 42. R5h4+ Kf5 43. Rh5+ Ke4 44. R5h4+ Kf3 45. R1h3+ Kg2
46. Rh2+ Kg3 47. R4h3+ Kg4 48. Rh4+ Kg5 49. Rh5+ Kg6 50. Rh6+ Kg7 51. Nxc2 Qg1+
52. Kd2 Qg5+ 53. Kd3 Qxh6 54. Rxh6 Kxh6 55. Nd4 Kg5 56. Nxe6+ Kf5 57. Nd4+ Kxe5
58. Nb5 Rc4 59. Nd4 Rxd4+ 0-1

[Event "Titled Tue 3rd Jan Late"]
[Site "chess.com INT"]
[Date "2025.06.03"]
[Round "11"]
[White "Noy, Eyal"]
[Black "Bustelo, Tabare"]
[Result "0-1"]
[WhiteTitle "FM"]
[BlackTitle "CM"]
[WhiteElo "2346"]
[BlackElo "2043"]
[WhiteFideId "2821117"]
[BlackFideId "3000362"]
[EventDate "2025.06.03"]

1. f4 e5 2. fxe5 d6 3. exd6 Bxd6 4. g3 h5 5. Nf3 h4 6. Nxh4 Rxh4 7. Bg2 Rxh2 8.
Rxh2 Bxg3+ 9. Kf1 Bxh2 10. Nc3 Qf6+ 11. Bf3 Bh3+ 12. Kf2 Qh4+ 13. Ke3 Nd7 14. d4
Bf5 15. Nd5 c6 16. c3 cxd5 17. Kd2 Bf4+ 18. e3 Qf2+ 19. Qe2 Bxe3+ 20. Kd1 Qxe2+
21. Kxe2 Bxc1 22. Rxc1 Ngf6 23. Rh1 O-O-O 24. Rg1 g6 25. Kd2 Re8 26. Bd1 Be4 27.
Be2 Kc7 28. Rf1 a6 29. Bd1 Rh8 30. Rf2 Rh1 31. Ke2 Kd6 32. Kd2 Ke7 33. Ke2 Rxd1
34. Kxd1 g5 35. Rf1 g4 36. Rg1 Nf8 37. Ke2 Bf3+ 38. Ke3 Ne6 39. b3 b5 40. Ra1
Ne4 41. Rc1 f5 42. c4 f4+ 43. Kd3 Nf2+ 44. Kc3 bxc4 45. bxc4 dxc4 46. Kxc4 g3
47. d5 Bxd5+ 48. Kxd5 g2 49. Rg1 f3 50. Ke5 Kf7 51. Kf5 Nh3 52. Rb1 f2 53. Rb7+
Ke8 54. Kxe6 Kd8 55. Kd6 Kc8 56. Rc7+ Kb8 57. Rh7 g1=Q 58. Rxh3 Qg6+ 59. Ke5
f1=Q 60. Rb3+ Ka7 61. Kd4 Qgf6+ 62. Kc5 Q1f5+ 63. Kb4 Qd4+ 64. Ka3 Qfc5+ 65. Rb4
a5 66. Kb3 Qcxb4+ 67. Kc2 Qdd2# 0-1

[Event "Titled Tue 3rd Jan Late"]
[Site "chess.com INT"]
[Date "2025.06.03"]
[Round "11"]
[White "Pulido Alvarez, Ariel"]
[Black "Bogaudinov, Rushan"]
[Result "0-1"]
[WhiteTitle "FM"]
[BlackTitle "FM"]
[WhiteElo "2252"]
[BlackElo "1912"]
[WhiteFideId "3503011"]
[BlackFideId "4129288"]
[EventDate "2025.06.03"]

1. e4 a6 2. d4 e6 3. Nf3 b5 4. c3 Bb7 5. Bd3 c5 6. O-O d6 7. Re1 Nf6 8. a4 c4 9.
Bc2 Be7 10. Nbd2 Nbd7 11. Nf1 d5 12. e5 Ne4 13. Bxe4 dxe4 14. N3d2 f5 15. exf6
Nxf6 16. Ng3 O-O 17. Ndxe4 Nxe4 18. Nxe4 e5 19. Ng3 exd4 20. cxd4 Bf6 21. Be3 b4
22. Nh5 Qd5 23. Qg4 Rae8 24. Rac1 Re4 25. Nf4 Qf7 26. Qg3 Bxd4 27. Bxd4 Rxd4 28.
Ne6 Rdd8 29. Nxd8 Rxd8 30. Rcd1 Rc8 31. Qg4 h5 32. Qh3 Rc7 33. Rd8+ Kh7 34. Re5
g6 35. Qe3 c3 36. bxc3 bxc3 37. Ree8 Qg7 38. Rh8+ Qxh8 39. Rxh8+ Kxh8 40. Qe5+
Rg7 41. Qxc3 Kh7 42. f3 Kh6 43. Kf2 Kh7 44. h4 Rf7 45. g4 hxg4 46. f4 Bf3 47.
Kg3 Kg8 48. Qc4 Bb7 49. Qc7 Rxc7 0-1

[Event "Titled Tue 3rd Jan Late"]
[Site "chess.com INT"]
[Date "2025.06.03"]
[Round "11"]
[White "Gerbelli Neto, Eduardo"]
[Black "Avila, Lucas"]
[Result "1/2-1/2"]
[WhiteElo "2114"]
[BlackElo "2182"]
[WhiteFideId "2103281"]
[BlackFideId "107751"]
[EventDate "2025.06.03"]

1. e4 e5 2. Nf3 Nc6 3. Nc3 Nf6 4. d4 exd4 5. Nd5 Be7 6. Bf4 d6 7. Nxd4 O-O 8.
Nb5 Nxd5 9. exd5 Ne5 10. Be2 Ng6 11. Be3 Bf6 12. c3 a6 13. Nd4 Be5 14. O-O Nf4
15. Bf3 Qf6 16. Qd2 Nh3+ 17. Kh1 Kh8 18. Be4 Nf4 19. Nf3 Bf5 20. Bxf4 Bxe4 21.
Nxe5 dxe5 22. Bg3 Rfe8 23. Rfe1 Bg6 24. c4 Rad8 25. Rad1 Qf5 26. Qb4 b6 27. c5
b5 28. Qa5 Qc2 29. Qc3 Qxc3 30. bxc3 f6 31. f4 exf4 32. Rxe8+ Rxe8 33. Bxf4 Re2
34. d6 cxd6 35. cxd6 Be4 36. Kg1 Rxg2+ 37. Kf1 Rg4 38. Bg3 Bc6 39. d7 Bxd7 40.
Rxd7 h5 41. Rd8+ Kh7 42. Bd6 Ra4 43. a3 h4 44. Rd7 Kh6 45. Bf8 Rg4 46. Ra7 h3
47. Rxa6 Rc4 48. Ra7 Rxc3 49. Bxg7+ Kh5 50. Bf8 Rc1+ 51. Kf2 Rc3 52. Bd6 Kg4 53.
Bg3 f5 54. Rg7+ Kh5 55. Rf7 Rxa3 56. Rxf5+ Kg4 57. Rxb5 Ra2+ 58. Ke3 Ra3+ 59.
Ke4 Rxg3 60. hxg3 h2 61. Rb1 Kxg3 62. Ke3 Kg2 63. Rb2+ Kg1 64. Rb1+ Kg2 65. Kf4
h1=Q 66. Rxh1 Kxh1 1/2-1/2

[Event "Titled Tue 3rd Jan Late"]
[Site "chess.com INT"]
[Date "2025.06.03"]
[Round "11"]
[White "Galchenko, Matvey"]
[Black "Yilmaz, Baver"]
[Result "1-0"]
[WhiteTitle "IM"]
[BlackTitle "FM"]
[WhiteElo "2442"]
[BlackElo "2233"]
[WhiteFideId "24175480"]
[BlackFideId "26363542"]
[EventDate "2025.06.03"]

1. f4 Nf6 2. Nf3 g6 3. g3 Bg7 4. Bg2 O-O 5. O-O d6 6. d3 Nbd7 7. Nc3 c6 8. e4 e5
9. f5 d5 10. Nh4 dxe4 11. dxe4 a5 12. a3 b5 13. Qf3 Ba6 14. Re1 b4 15. Nd1 Nc5
16. Nf2 b3 17. c3 Nfd7 18. Be3 Qe7 19. Rad1 Rfd8 20. Bh3 Na4 21. Bc1 Nf8 22. Ng2
Rxd1 23. Rxd1 Rd8 24. Re1 Nc5 25. Ne3 f6 26. fxg6 hxg6 27. Bg2 Nh7 28. h4 Bc8
29. Qe2 Ba6 30. Qg4 Qf7 31. Bf1 Bxf1 32. Rxf1 Nf8 33. Qe2 Qb7 34. Qc4+ Nce6 35.
h5 Qb5 36. Qxb5 cxb5 37. hxg6 Nxg6 38. Nfg4 Ng5 39. Nxf6+ Bxf6 40. Rxf6 Kg7 41.
Rb6 Nxe4 42. Rxb5 Nxg3 43. Kf2 Ne4+ 44. Kf3 Ng5+ 45. Kg4 Nf7 46. Rxb3 Nh6+ 47.
Kg3 Rd3 48. Rb7+ Kf6 49. Rb6+ Kg5 50. Kf2 Nf4 51. Rb5 Kf6 52. Rxa5 Rd6 53. Kf3
Rd3 54. Ke4 Rd8 55. Ra6+ Kg5 56. Nc4 Ng4 57. Nxe5 Nxe5 58. Bxf4+ Kg4 59. Bxe5
Rd2 1-0

[Event "Titled Tue 3rd Jan Late"]
[Site "chess.com INT"]
[Date "2025.06.03"]
[Round "11"]
[White "Ugarte Soto, Cesar"]
[Black "Vila Dupla, Aurelio"]
[Result "1/2-1/2"]
[WhiteTitle "CM"]
[BlackTitle "FM"]
[WhiteElo "2088"]
[BlackElo "2056"]
[WhiteFideId "3601331"]
[BlackFideId "2203383"]
[EventDate "2025.06.03"]

1. d4 Nf6 2. Bf4 g6 3. Nf3 Bg7 4. h3 O-O 5. e3 b6 6. Nbd2 Bb7 7. Be2 d6 8. O-O
Nbd7 9. c3 Re8 10. Bh2 a6 11. a4 Ne4 12. Nxe4 Bxe4 13. Nd2 Bb7 14. Bf3 Qc8 15.
Bxb7 Qxb7 16. Qf3 Qxf3 17. Nxf3 b5 18. axb5 axb5 19. Bg3 Nb6 20. Nd2 Reb8 21. b3
Nd5 22. c4 bxc4 23. bxc4 Nc3 24. Kh2 Bf6 25. h4 h5 26. f3 Ne2 27. Bf2 Rxa1 28.
Rxa1 c5 29. Ne4 Bg7 30. Ra7 cxd4 31. exd4 Kf8 32. d5 Be5+ 33. g3 Rc8 34. Ra4 Bd4
35. Kg2 Rb8 36. Ra2 Bxf2 37. Kxf2 Nc1 38. Rc2 Nd3+ 39. Ke3 Ne5 40. c5 dxc5 41.
Rxc5 Rb3+ 42. Rc3 Rxc3+ 43. Nxc3 Ke8 44. Kd4 Nxf3+ 45. Ke4 Nd2+ 46. Ke5 Kd7 47.
Ne2 Nc4+ 48. Kd4 Nd6 49. Ke5 f6+ 50. Kf4 Nf7 51. g4 hxg4 52. Kxg4 Kd6 53. Nf4 g5
54. hxg5 fxg5 55. Ng6 Kxd5 56. Nxe7+ Ke4 57. Ng8 Ke5 58. Ne7 Kf6 59. Nd5+ Kg6
60. Ne7+ Kf6 61. Nd5+ Kg6 62. Ne7+ Kh6 63. Kf5 Ne5 64. Kxe5 g4 65. Nf5+ Kg5 66.
Ng3 Kh4 67. Kf4 Kh3 68. Nf5 g3 69. Nxg3 1/2-1/2

[Event "Titled Tue 3rd Jan Late"]
[Site "chess.com INT"]
[Date "2025.06.03"]
[Round "11"]
[White "Dobre, Claudiu-Cristian"]
[Black "Rosen, Eric"]
[Result "0-1"]
[WhiteTitle "IM"]
[BlackTitle "IM"]
[WhiteElo "2265"]
[BlackElo "2377"]
[WhiteFideId "1211854"]
[BlackFideId "2032562"]
[EventDate "2025.06.03"]

1. d4 d5 2. Nf3 Nf6 3. e3 c5 4. Nbd2 cxd4 5. exd4 Nc6 6. Bd3 Bg4 7. c3 e6 8. Qa4
Nd7 9. Ne5 Ncxe5 10. dxe5 Bh5 11. Nb3 Be7 12. O-O O-O 13. f4 Bg6 14. Be2 Nc5 15.
Qd4 b6 16. Be3 Nxb3 17. axb3 Bc5 18. Qd2 Bxe3+ 19. Qxe3 a5 20. Rf2 Qc7 21. Bf3
Qc5 22. Re2 h6 23. Kf2 Rfb8 24. Rd2 Ra7 25. Rd4 Bc2 26. b4 Qe7 27. g3 a4 28. Kg2
b5 29. Rd2 Bb3 30. g4 Bc4 31. f5 Qg5 32. Qxg5 hxg5 33. Kf2 Re8 34. Re1 Rae7 35.
f6 Ra7 36. fxg7 Kxg7 37. Kg3 a3 38. bxa3 Rxa3 39. Re3 Rh8 40. h3 Ra1 41. Bg2 Rg1
42. Rf2 Rc8 43. Kh2 Rc1 44. Ref3 Rc7 45. Re3 Bb3 46. Rff3 Rc2 47. Kg3 Bc4 48.
Rf2 Rc1 49. Bf3 Bb3 50. Be2 R1xc3 51. Rff3 Rxe3 52. Rxe3 Bc4 53. Rc3 Ra7 54. Bf3
Ra4 55. h4 gxh4+ 56. Kxh4 Rxb4 57. Ra3 Rb3 58. Rxb3 Bxb3 59. Kg5 Bc2 60. Kf4 b4
61. Ke3 b3 62. Kd2 Be4 63. Kc3 Bxf3 64. g5 Bg4 65. Kxb3 Kg6 0-1

[Event "Titled Tue 3rd Jan Late"]
[Site "chess.com INT"]
[Date "2025.06.03"]
[Round "11"]
[White "Kravtsiv, Martyn"]
[Black "Zhigalko, Sergei"]
[Result "1-0"]
[WhiteTitle "GM"]
[BlackTitle "GM"]
[WhiteElo "2598"]
[BlackElo "2572"]
[WhiteFideId "14113147"]
[BlackFideId "13502956"]
[EventDate "2025.06.03"]

1. e4 c5 2. Nc3 Nc6 3. Bb5 Nd4 4. Nf3 e6 5. O-O a6 6. Bd3 Nxf3+ 7. Qxf3 Bd6 8.
b3 Qc7 9. Qh3 Ne7 10. Bb2 Ng6 11. Ne2 O-O 12. f4 b5 13. e5 Be7 14. f5 exf5 15.
Bxf5 d5 16. Ng3 d4 17. Rae1 Bxf5 18. Nxf5 Rae8 19. c3 Bg5 20. cxd4 cxd4 21. Bxd4
Bxd2 22. Re4 Re6 23. Nd6 Qd7 24. a3 Ba5 25. Qf5 Bc7 26. Bc5 Nxe5 27. Rxe5 Bxd6
28. Rxe6 Qxe6 29. Bxd6 Qxd6 30. b4 h6 31. h3 Qe7 32. Kh2 Rd8 33. Rc1 Qd6+ 34.
Kh1 g6 35. Qf3 h5 36. Rc6 Qd1+ 37. Qxd1 Rxd1+ 38. Kh2 a5 39. bxa5 Rd3 40. Rb6
Rxa3 41. Rxb5 Kg7 42. h4 Kh6 43. Kg1 Kg7 44. Kf2 Kh6 45. Ke2 Kg7 46. Kf2 Ra2+
47. Kf3 Ra3+ 48. Ke4 Ra4+ 49. Kd5 Rxh4 50. Kc6 Rg4 51. Rb2 Ra4 52. Kb6 Ra3 53.
a6 Kf6 54. Rb5 Rxa6+ 55. Kxa6 h4 56. Kb6 g5 57. Kc5 Ke5 58. Rb1 Kf4 59. Rf1+ Kg3
60. Rxf7 g4 61. Rg7 Kxg2 62. Rxg4+ Kh3 63. Rg8 Kh2 64. Kd4 h3 65. Ke3 Kh1 66.
Kf3 h2 67. Rb8 Kg1 68. Rb1# 1-0

[Event "Titled Tue 3rd Jan Late"]
[Site "chess.com INT"]
[Date "2025.06.03"]
[Round "11"]
[White "Chen, Yidong"]
[Black "Gomez Gonzales, Fabiana"]
[Result "1-0"]
[BlackTitle "WCM"]
[WhiteElo "2038"]
[BlackElo "1843"]
[WhiteFideId "8607028"]
[BlackFideId "3860191"]
[EventDate "2025.06.03"]

1. e4 d5 2. exd5 Qxd5 3. Nc3 Qa5 4. d4 Nf6 5. Bc4 c6 6. Ne2 Bf5 7. O-O e6 8. Ng3
Bg6 9. f4 Nbd7 10. f5 exf5 11. Qe2+ Ne4 12. Ncxe4 fxe4 13. Nxe4 O-O-O 14. Ng5 h6
15. Nxf7 Bxf7 16. Bxf7 Bd6 17. c3 Qc7 18. g3 Nf6 19. Bg6 Kb8 20. Bf4 Rhf8 21.
Bxd6 Qxd6 22. Qe5 Qxe5 23. dxe5 Nd5 24. Rxf8 Rxf8 25. Rf1 Rxf1+ 26. Kxf1 Kc7 27.
Kf2 Kd7 28. Bf5+ Ke7 29. Kf3 Nb6 30. b3 Nd5 31. c4 Nc7 32. Bc8 b6 33. Ke4 g6 34.
g4 b5 35. a3 a5 36. Bb7 a4 37. bxa4 bxc4 38. Bxc6 Ke6 39. a5 Na6 40. Bb5 Nc5+
41. Kd4 Nb3+ 42. Kxc4 Nxa5+ 43. Kd4 Nb3+ 44. Ke4 Nc5+ 45. Kd4 Nb3+ 46. Kc3 Na5
47. Bd3 g5 48. Kd4 Nc6+ 49. Ke4 Nxe5 50. h3 Nc6 51. Bc4+ Kf6 52. Bd5 Na5 53. a4
Ke7 54. Kf5 Kd6 55. Ba2 Nc6 56. Kg6 Nd4 57. Kxh6 Nf3 58. Bc4 Ng1 59. Bf1 Nf3 60.
Bg2 Ne1 61. Bh1 Nd3 62. Kxg5 Nf2 63. Bf3 Nxh3+ 64. Kf6 Kc5 65. g5 Nxg5 66. Kxg5
Kb4 67. Bc6 Ka5 68. Bb5 Kb6 69. Kf4 Ka7 70. Ke4 Kb8 71. Kd4 Ka7 72. Kc5 Ka8 73.
Kb6 Kb8 74. a5 Ka8 75. a6 Kb8 76. a7+ Ka8 77. Bc6# 1-0

[Event "Titled Tue 3rd Jan Late"]
[Site "chess.com INT"]
[Date "2025.06.03"]
[Round "11"]
[White "Askarov, Bakhtiyar"]
[Black "Kleimenov, Nikolay"]
[Result "0-1"]
[WhiteTitle "IM"]
[BlackTitle "CM"]
[WhiteElo "2300"]
[BlackElo "2198"]
[WhiteFideId "13701100"]
[BlackFideId "34414223"]
[EventDate "2025.06.03"]

1. d4 Nf6 2. Bg5 Ne4 3. h4 d5 4. Nd2 Nxd2 5. Qxd2 Bf5 6. f3 h6 7. Bf4 e6 8. g4
Bg6 9. h5 Bh7 10. O-O-O Bd6 11. Nh3 Nd7 12. Kb1 Qe7 13. e3 a6 14. Bd3 Bxd3 15.
Qxd3 c5 16. e4 Bxf4 17. Nxf4 cxd4 18. exd5 e5 19. Rhe1 O-O 20. Ne2 Qd6 21. Ng3
Qxd5 22. Nf5 Rfe8 23. Qd2 Rad8 24. g5 Qxf3 25. Rf1 Qxh5 26. gxh6 g6 27. Ng7 Qh4
28. Nxe8 Rxe8 29. Qb4 b5 30. Qd6 Re7 31. h7+ Kg7 32. a3 Kh8 33. Qxa6 Qh6 34.
Qxb5 Qf8 35. a4 Kxh7 36. a5 Qb8 37. Qd5 Kg7 38. Rd3 Nf6 39. Qf3 Qd6 40. Qh3 e4
41. Rdd1 e3 42. Rh1 Nh5 43. Rdg1 Kf8 44. Rd1 f5 45. Qf3 Re5 46. Rhg1 Rxa5 47.
Qb7 Qa6 48. Qxa6 Rxa6 49. Rxd4 Re6 50. Re1 f4 51. Rd3 Kg7 52. c4 Nf6 53. c5 Ng4
54. b4 f3 55. Rdxe3 Nxe3 56. b5 f2 57. Rc1 f1=Q 58. Rxf1 Nxf1 59. c6 Re7 60. b6
Re6 61. b7 Rxc6 62. b8=Q Nd2+ 63. Ka2 Ra6+ 64. Kb2 Rb6+ 65. Qxb6 Nc4+ 66. Kc3
Nxb6 67. Kd4 Kh6 68. Ke3 Kh5 69. Kf3 Kh4 70. Kg2 Kg4 71. Kg1 Kh3 72. Kh1 g5 73.
Kg1 g4 74. Kh1 g3 75. Kg1 g2 0-1